CHANGING NATURE OF PERFORMANCE IMPLICATI (Record no. 18069)

MARC details
000 -LEADER
fixed length control field 00337nam a2200133Ia 4500
008 - FIXED-LENGTH DATA ELEMENTS--GENERAL INFORMATION
fixed length control field 240624s9999 xx 000 0 und d
041 ## - LANGUAGE CODE
Language code of text/sound track or separate title eng
082 ## - DEWEY DECIMAL CLASSIFICATION NUMBER
Classification number 658.3125 IIG
100 ## - MAIN ENTRY--PERSONAL NAME
Personal name ILGEN DANIEL R
245 ## - TITLE STATEMENT
Title CHANGING NATURE OF PERFORMANCE IMPLICATI
260 ## - PUBLICATION, DISTRIBUTION, ETC.
Date of publication, distribution, etc. 1999
Place of publication, distribution, etc. San Francisco
Name of publisher, distributor, etc. Pfeiffer
300 ## - PHYSICAL DESCRIPTION
Extent 452 : p.
365 ## - TRADE PRICE
Currency code
Price amount 32
Holdings
Withdrawn status Lost status Damaged status Not for loan Home library Current library Shelving location Date acquired Source of acquisition Cost, normal purchase price Full call number Barcode Date last seen Copy number Price effective from Koha item type
        IMTN IMTN Rack 26-A 10/11/2011 IBH 69.95 658.3125 IIG 18069 06/24/2024 50.2 06/24/2024 Books
Designed & Maintained by: LRC IMT Nagpur Contact: lrc@imtnag.ac.in© 2024. All Rights Reserved.